| 000 | 00844cam a2200193 4500 | ||
|---|---|---|---|
| 001 | WS107567 | ||
| 008 | 000000n 000 0 eng u | ||
| 035 | _a(Sirsi) u107567 | ||
| 110 |
_aBrewer Consulting _93916 |
||
| 245 | _aBrewer Consulting Home Page | ||
| 520 | _aWeb site for this company providing consultancy services on construction procurement and dispute resolution. Includes an archive of abstracts of articles written by Geof Brewer for 'Contract Journal' describing legal cases which have an impact on the construction industry. | ||
| 650 | _aProcurement-old | ||
| 650 |
_aDISPUTE RESOLUTION _96236 |
||
| 650 | _aCASE LAW | ||
| 650 |
_aContracts _96232 |
||
| 690 | _aBUILT ENVIRONMENT-BUILDING CONTRACT FORMS | ||
| 856 | 4 | 0 |
_uhttps://www.brewer-con.co.uk _zView the website free of charge at www.brewer.con.co.uk... |
| 942 | _n0 | ||
| 999 |
_c119560 _d119560 |
||